| 000 | 00645nam a22002057a 4500 | ||
|---|---|---|---|
| 005 | 20251108170457.0 | ||
| 008 | 250721s1997 xx 000 0 ara d | ||
| 082 | 1 | 4 | _aط/ ق/ ياس |
| 100 | 1 | _aتادرس، اريت فايز | |
| 245 | 1 | 0 | _aياسمينة و البطة الجريحة / |
| 264 | 1 |
_aالقاهرة : _bدار المعارف، _c1997. |
|
| 300 | _a10ص. | ||
| 490 | 0 | _aمغامرات ياسمينة | |
| 650 | 1 | 7 | _aالقصص المترجمة |
| 650 | 1 | 7 | _aالروايات |
| 653 | _aأطفال مرحلة متوسطة (6-9) سنوات | ||
| 700 | 1 |
_aلويس، آمال _etran. |
|
| 942 |
_2ddc _cBK |
||
| 999 |
_c41444 _d41444 |
||